000 00566nam a2200193Ia 4500
005 20250508160731.0
008 008 250505s9999 xx 000 0 eng d
037 _aTextual
040 _aFEDL
_beng
_cFEDL
041 _aeng
_2eng
084 _a370.193, WAL
_qFEDL
100 _aWaller Willard W.
_9255034
245 0 _aOn the family, education and War
260 _aChicago, USA
_bThe University of Chicago Press
_c1970
300 _axv,359p
490 _aThe heritage of sociology
942 _cTEXL
_h370.193, WAL
999 _c1366305
_d1366305